Stopárovho sprievodcu galaxiou charakterizujú ...

Podrobná bibliografia
Hlavný autor: Adams, Douglas, 1952-2001 (Autor)
Ďalší autori: Hollá-Terenová, Danica, 1954- (Prekladateľ)
Médium: Článok
Jazyk:slovenčina
angličtina
ISSN:0231-6269
Predmet:

MARC

LEADER 00000nab a2200000 a 4500
001 vtls009520843
003 SK-MaSNL
005 20260304174947.0
008 250507c2009 xo |r|p|||||||000 b|slo
015 |a SNBRB2009/06  |2 snkbucl 
035 |a (uuid)45047124-b022-4d10-a74c-194c37839ad7 
035 |a urn:nbn:sk:snk-abc4u3 
035 |a (urnnbn)urn:nbn:sk:snk:ar-004ft8 
038 |a SNKBUCL 
040 |a SNKBUCL  |b slo  |c SNKBUCL  |e AACR2 
041 1 |a slo  |h eng 
044 |a xo  |c SK 
080 |a 821.111-311.9  |2 2001 
080 |a 929 Adams, Douglas  |2 2001 
100 1 |a Adams, Douglas,  |d 1952-2001  |4 aut  |9 121855 
245 1 0 |a Stopárovho sprievodcu galaxiou charakterizujú ...  |c Douglas Adams 
650 0 7 |a anglické romány  |2 snkbucl  |9 309488 
650 0 7 |a vedecko-fantastické romány  |x úryvky  |2 snkbucl  |9 1506848 
700 1 |a Hollá-Terenová, Danica,  |d 1954-  |4 trl  |9 113258 
773 0 |t Revue svetovej literatúry  |g Roč. XLV, č. 1 (2009), s. 96-100  |x 0231-6269 
850 |a Slovenská národná knižnica 
852 |a Slovenská národná knižnica 
958 |a article15 
958 |a OND 
958 |a LX 
958 |a GB 
958 |a EUIPO 
999 |c 3011279  |d 3013209